[Event "Eurasia Open Cup 2019"]
[Site "Ekaterinburg"]
[Date "2019.08.01"]
[Round "2.29"]
[White "Radzhabov, Rodion"]
[Black "Kyshtymov, Daniil"]
[Result "0-1"]
[WhiteElo "2404"]
[BlackElo "2176"]
[Annotator "NA"]
[PlyCount "93"]
[EventDate "2019.07.31"]
[EventType "swiss"]
[EventCountry "RUS"]
[SourceTitle "playchess.com"]
[Source "ChessBase"]
[SourceQuality "1"]
[TimeControl "5400+30"]

1. Nf3 {[%emt 0:00:00]} Nf6 {[%emt 0:00:55]} 2. g3 {[%emt 0:00:40]} g6 {[%emt 0:00:10]} 3. b3 {[%emt 0:00:10]} Bg7 {[%emt 0:00:05]} 4. Bb2 {[%emt 0:00:05]} O-O {[%emt 0:00:10]} 5. Bg2 {[%emt 0:00:10]} d6 {[%emt 0:00:05]} 6. d4 {[%emt 0:00:10]} Nbd7 {[%emt 0:07:13]} 7. O-O {[%emt 0:00:40]} Re8 {[%emt 0:00:40]} 8. c4 {[%emt 0:00:50]} c6 {[%emt 0:02:00]} 9. Nc3 {[%emt 0:03:34]} e5 {[%emt 0:02:10]} 10. e4 {[%emt 0:02:10]} exd4 {[%emt 0:06:19]} 11. Nxd4 {[%emt 0:00:06]} Nc5 {[%emt 0:00:20]} 12. Qc2 {[%emt 0:01:57]} Qb6 {[%emt 0:10:35]} 13. Rad1 {[%emt 0:05:19]} a5 {[%emt 0:19:23]} 14. Kh1 {[%emt 0:19:06]} Ng4 {[%emt 0:14:05]} 15. h3 {[%emt 0:01:11]} Ne5 {[%emt 0:04:36]} 16. f4 {[%emt 0:02:54]} Ned7 {[%emt 0:09:58]} 17. Nde2 {[%emt 0:00:51]} a4 {[%emt 0:19:16]} 18. Nxa4 {[%emt 0:15:27]} Nxa4 {[%emt 0:00:30]} 19. Bxg7 {[%emt 0:09:29]} Kxg7 {[%emt 0:00:04]} 20. bxa4 {[%emt 0:00:05]} Qc5 {[%emt 0:00:08]} 21. Nc3 {[%emt 0:00:00]} Nb6 {[%emt 0:01:18]} 22. f5 {[%emt 0:06:10]} Nxc4 {[%emt 0:00:30]} 23. Qf2 {[%emt 0:00:54]} Qxf2 {[%emt 0:00:30]} 24. Rxf2 {[%emt 0:07:54]} gxf5 {[%emt 0:00:02]} 25. exf5 {[%emt 0:00:01]} f6 {[%emt 0:00:03]} 26. Rd4 {[%emt 0:00:01]} d5 {[%emt 0:00:02]} 27. g4 {[%emt 0:07:58]} Re3 {[%emt 0:00:49]} 28. Ne2 {[%emt 0:00:03]} Rxa4 {[%emt 0:00:42]} 29. Nf4 {[%emt 0:01:01]} b5 {[%emt 0:00:45]} 30. h4 {[%emt 0:00:43]} Ne5 {[%emt 0:00:16]} 31. Rxa4 {[%emt 0:01:36]} bxa4 {[%emt 0:00:18]} 32. Bh3 {[%emt 0:00:39]} Nd3 {[%emt 0:00:21]} 33. Re2 {[%emt 0:00:05]} Rxe2 {[%emt 0:00:33]} 34. Nxe2 {[%emt 0:00:59]} h5 {[%emt 0:00:55]} 35. Kg2 {[%emt 0:00:05]} hxg4 {[%emt 0:00:05]} 36. Bxg4 {[%emt 0:00:28]} Nb4 {[%emt 0:00:50]} 37. a3 {[%emt 0:00:25]} Nc2 {[%emt 0:00:40]} 38. Kg3 {[%emt 0:00:00]} d4 {[%emt 0:00:47]} 39. Kf4 {[%emt 0:00:25]} c5 {[%emt 0:00:21]} 40. Ng3 {[%emt 0:00:00]} Nxa3 {[%emt 0:00:36]} 41. Ne4 {[%emt 0:01:54]} c4 {[%emt 0:00:24]} 42. Nc5 {[%emt 0:00:15]} c3 {[%emt 0:01:01]} 43. Ke4 {[%emt 0:00:49]} c2 {[%emt 0:00:28]} 44. Nd3 {[%emt 0:00:11]} Ba6 {[%emt 0:00:26]} 45. Nc1 {[%emt 0:00:06]} d3 {[%emt 0:00:30]} 46. Ke3 {[%emt 0:01:05]} Nb1 {[%emt 0:00:31]} 47. Kd4 {[%emt 0:00:13]} 0-1

[Event "Eurasia Open Cup 2019"]
[Site "Ekaterinburg"]
[Date "2019.08.01"]
[Round "2.30"]
[White "Eliseev, Mikhail"]
[Black "Popov, Mikhail"]
[Result "0-1"]
[WhiteElo "2173"]
[BlackElo "2397"]
[Annotator "NA"]
[PlyCount "70"]
[EventDate "2019.07.31"]
[EventType "swiss"]
[EventCountry "RUS"]
[SourceTitle "playchess.com"]
[Source "ChessBase"]
[SourceQuality "1"]
[TimeControl "5400+30"]

1. e4 {[%emt 0:00:49]} c5 {[%emt 0:00:00]} 2. Nc3 {[%emt 0:00:29]} d6 {[%emt 0:00:27]} 3. f4 {[%emt 0:00:35]} g6 {[%emt 0:01:03]} 4. Nf3 {[%emt 0:00:00]} Bg7 {[%emt 0:00:42]} 5. Bb5+ {[%emt 0:00:00]} Bd7 {[%emt 0:02:21]} 6. Bc4 {[%emt 0:01:13]} Nc6 {[%emt 0:01:05]} 7. O-O {[%emt 0:00:07]} Nd4 {[%emt 0:01:57]} 8. Nxd4 {[%emt 0:00:15]} cxd4 {[%emt 0:06:19]} 9. Ne2 {[%emt 0:00:12]} e6 {[%emt 0:04:51]} 10. d3 {[%emt 0:00:08]} Ne7 {[%emt 0:00:00]} 11. Bb3 {[%emt 0:03:44]} O-O {[%emt 0:02:43]} 12. Qe1 {[%emt 0:00:57]} b5 {[%emt 0:03:46]} 13. Bd2 {[%emt 0:03:46]} a5 {[%emt 0:02:06]} 14. a3 {[%emt 0:00:28]} Nc6 {[%emt 0:14:38]} 15. Ng3 {[%emt 0:00:42]} Qh4 {[%emt 0:00:04]} 16. a4 {[%emt 0:02:37]} b4 {[%emt 0:00:29]} 17. Bc4 {[%emt 0:05:15]} Rae8 {[%emt 0:08:14]} 18. Qf2 {[%emt 0:06:14]} f5 {[%emt 0:04:49]} 19. Bb5 {[%emt 0:18:15]} Nb8 {[%emt 0:02:32]} 20. exf5 {[%emt 0:00:23]} gxf5 {[%emt 0:00:32]} 21. Qf3 {[%emt 0:09:36]} Rc8 {[%emt 0:02:32]} 22. Rfc1 {[%emt 0:00:28]} Rc5 {[%emt 0:04:00]} 23. Qb7 {[%emt 0:13:14]} Qd8 {[%emt 0:09:38]} 24. Ne2 {[%emt 0:01:04]} Bc6 {[%emt 0:01:23]} 25. Bxc6 {[%emt 0:00:13]} Nxc6 {[%emt 0:03:59]} 26. c3 {[%emt 0:02:30]} Rf7 {[%emt 0:03:46]} 27. Qa6 {[%emt 0:02:16]} Ra7 {[%emt 0:02:17]} 28. Qxa7 {[%emt 0:06:21]} Nxa7 {[%emt 0:01:40]} 29. cxb4 {[%emt 0:01:10]} axb4 {[%emt 0:00:06]} 30. Bxb4 {[%emt 0:01:06]} Rxc1+ {[%emt 0:00:41]} 31. Rxc1 {[%emt 0:04:29]} Qb6 {[%emt 0:00:22]} 32. Ba3 {[%emt 0:01:39]} Qa6 {[%emt 0:00:04]} 33. Rc4 {[%emt 0:00:34]} d5 {[%emt 0:01:38]} 34. Rc7 {[%emt 0:00:00]} Qxd3 {[%emt 0:00:08]} 35. Ng3 {[%emt 0:00:13]} Qe3+ {[%emt 0:01:11]} 0-1

[Event "Eurasia Open Cup 2019"]
[Site "Ekaterinburg"]
[Date "2019.08.01"]
[Round "2.31"]
[White "Cherniaev, Alexander"]
[Black "Kavyev, Ruslan"]
[Result "1-0"]
[WhiteElo "2396"]
[BlackElo "2167"]
[Annotator "NA"]
[PlyCount "87"]
[EventDate "2019.07.31"]
[EventType "swiss"]
[EventCountry "RUS"]
[SourceTitle "playchess.com"]
[Source "ChessBase"]
[SourceQuality "1"]
[TimeControl "5400+30"]

1. e4 {[%emt 0:00:00]} c5 {[%emt 0:00:00]} 2. Nf3 {[%emt 0:00:00]} d6 {[%emt 0:00:00]} 3. d4 {[%emt 0:00:00]} cxd4 {[%emt 0:00:00]} 4. Nxd4 {[%emt 0:00:12]} Nf6 {[%emt 0:00:00]} 5. Nc3 {[%emt 0:00:11]} a6 {[%emt 0:00:00]} 6. Nb3 {[%emt 0:00:51]} Qc7 {[%emt 0:03:09]} 7. Nd5 {[%emt 0:02:21]} Nxd5 {[%emt 0:00:41]} 8. exd5 {[%emt 0:00:02]} g6 {[%emt 0:01:09]} 9. Be2 {[%emt 0:01:34]} Bg7 {[%emt 0:00:00]} 10. O-O {[%emt 0:00:35]} Nd7 {[%emt 0:03:12]} 11. Re1 {[%emt 0:01:39]} O-O {[%emt 0:04:23]} 12. Bf1 {[%emt 0:02:52]} Ne5 {[%emt 0:11:15]} 13. a4 {[%emt 0:11:58]} Re8 {[%emt 0:03:30]} 14. c3 {[%emt 0:08:05]} b6 {[%emt 0:03:42]} 15. Nd4 {[%emt 0:10:50]} Bb7 {[%emt 0:01:25]} 16. Nc2 {[%emt 0:00:01]} Nc4 {[%emt 0:04:00]} 17. Na3 {[%emt 0:00:38]} Nxa3 {[%emt 0:12:31]} 18. Rxa3 {[%emt 0:00:02]} Qc5 {[%emt 0:00:13]} 19. c4 {[%emt 0:04:35]} b5 {[%emt 0:05:10]} 20. axb5 {[%emt 0:08:43]} axb5 {[%emt 0:00:55]} 21. Rb3 {[%emt 0:00:43]} Ba6 {[%emt 0:04:35]} 22. Be3 {[%emt 0:02:01]} Qc8 {[%emt 0:00:31]} 23. cxb5 {[%emt 0:00:04]} Bb7 {[%emt 0:00:44]} 24. b6 {[%emt 0:00:14]} Qf5 {[%emt 0:00:10]} 25. Bb5 {[%emt 0:11:24]} Rec8 {[%emt 0:07:31]} 26. Bc6 {[%emt 0:01:01]} Rab8 {[%emt 0:02:48]} 27. Bxb7 {[%emt 0:00:11]} Rxb7 {[%emt 0:00:00]} 28. Rb5 {[%emt 0:04:58]} Rc2 {[%emt 0:00:26]} 29. Re2 {[%emt 0:00:28]} Rxe2 {[%emt 0:08:18]} 30. Qxe2 {[%emt 0:02:03]} Qb1+ {[%emt 0:03:28]} 31. Qf1 {[%emt 0:00:02]} Qe4 {[%emt 0:00:27]} 32. Qc1 {[%emt 0:00:01]} Be5 {[%emt 0:10:28]} 33. Bh6 {[%emt 0:01:51]} Qf5 {[%emt 0:00:27]} 34. Ra5 {[%emt 0:04:38]} Rb8 {[%emt 0:01:29]} 35. b7 {[%emt 0:04:42]} Qd7 {[%emt 0:01:23]} 36. Qc6 {[%emt 0:00:08]} Qg4 {[%emt 0:04:23]} 37. g3 {[%emt 0:00:26]} Bd4 {[%emt 0:00:07]} 38. Ra8 {[%emt 0:02:28]} Bxf2+ {[%emt 0:00:53]} 39. Kxf2 {[%emt 0:00:28]} Qd4+ {[%emt 0:00:24]} 40. Ke2 {[%emt 0:00:14]} Qe4+ {[%emt 0:00:04]} 41. Kd2 {[%emt 0:00:08]} Qd4+ {[%emt 0:00:05]} 42. Kc2 {[%emt 0:00:46]} Qe4+ {[%emt 0:01:45]} 43. Kb3 {[%emt 0:00:22]} Qd3+ {[%emt 0:00:15]} 44. Ka2 {[%emt 0:00:41]} 1-0

[Event "Eurasia Open Cup 2019"]
[Site "Ekaterinburg"]
[Date "2019.08.01"]
[Round "2.32"]
[White "Novikov, Evgenij"]
[Black "Bivol, Alina"]
[Result "1/2-1/2"]
[WhiteElo "2164"]
[BlackElo "2391"]
[Annotator "NA"]
[PlyCount "90"]
[EventDate "2019.07.31"]
[EventType "swiss"]
[EventCountry "RUS"]
[SourceTitle "playchess.com"]
[Source "ChessBase"]
[SourceQuality "1"]
[TimeControl "5400+30"]

1. d4 {[%emt 0:00:00]} Nf6 {[%emt 0:00:04]} 2. Bf4 {[%emt 0:00:26]} g6 {[%emt 0:00:40]} 3. e3 {[%emt 0:00:20]} d6 {[%emt 0:00:20]} 4. Nf3 {[%emt 0:00:10]} Nh5 {[%emt 0:00:36]} 5. Bg5 {[%emt 0:00:55]} h6 {[%emt 0:00:05]} 6. Bh4 {[%emt 0:00:05]} g5 {[%emt 0:00:05]} 7. Nfd2 {[%emt 0:01:05]} Ng7 {[%emt 0:00:10]} 8. Bg3 {[%emt 0:00:00]} Nf5 {[%emt 0:00:05]} 9. c3 {[%emt 0:02:26]} c5 {[%emt 0:04:36]} 10. Bc4 {[%emt 0:07:39]} Bg7 {[%emt 0:04:17]} 11. dxc5 {[%emt 0:08:36]} dxc5 {[%emt 0:03:43]} 12. Bxb8 {[%emt 0:13:27]} Rxb8 {[%emt 0:00:55]} 13. Qa4+ {[%emt 0:00:05]} Bd7 {[%emt 0:03:28]} 14. Bb5 {[%emt 0:00:05]} a6 {[%emt 0:01:15]} 15. Bxd7+ {[%emt 0:00:10]} Qxd7 {[%emt 0:00:00]} 16. Qxd7+ {[%emt 0:00:06]} Kxd7 {[%emt 0:00:00]} 17. a4 {[%emt 0:00:10]} b6 {[%emt 0:01:23]} 18. Ne4 {[%emt 0:05:44]} Kc6 {[%emt 0:01:02]} 19. Nbd2 {[%emt 0:00:26]} Nh4 {[%emt 0:01:19]} 20. g3 {[%emt 0:02:03]} Ng6 {[%emt 0:00:06]} 21. f3 {[%emt 0:02:20]} Rhd8 {[%emt 0:03:52]} 22. Ke2 {[%emt 0:05:51]} Rd7 {[%emt 0:02:29]} 23. Rhd1 {[%emt 0:01:24]} Rbd8 {[%emt 0:01:29]} 24. Nc4 {[%emt 0:00:59]} f5 {[%emt 0:02:32]} 25. Nf2 {[%emt 0:00:44]} Rxd1 {[%emt 0:02:12]} 26. Rxd1 {[%emt 0:00:05]} Rxd1 {[%emt 0:01:09]} 27. Kxd1 {[%emt 0:00:34]} b5 {[%emt 0:00:09]} 28. axb5+ {[%emt 0:00:05]} axb5 {[%emt 0:00:34]} 29. Nd2 {[%emt 0:00:19]} e6 {[%emt 0:01:27]} 30. Kc2 {[%emt 0:05:52]} Ne5 {[%emt 0:00:27]} 31. b3 {[%emt 0:03:06]} Bf6 {[%emt 0:01:41]} 32. Nd3 {[%emt 0:04:41]} Nd7 {[%emt 0:02:14]} 33. Nf2 {[%emt 0:00:16]} Nb6 {[%emt 0:03:28]} 34. c4 {[%emt 0:01:32]} bxc4 {[%emt 0:00:03]} 35. bxc4 {[%emt 0:02:56]} Nd7 {[%emt 0:00:21]} 36. h3 {[%emt 0:01:58]} Bd8 {[%emt 0:01:11]} 37. Nd3 {[%emt 0:01:13]} Bc7 {[%emt 0:00:10]} 38. Nf1 {[%emt 0:04:37]} Nf6 {[%emt 0:01:02]} 39. Nf2 {[%emt 0:01:18]} Nd7 {[%emt 0:02:12]} 40. f4 {[%emt 0:06:35]} Nf6 {[%emt 0:00:24]} 41. Kd3 {[%emt 0:02:18]} e5 {[%emt 0:02:06]} 42. fxe5 {[%emt 0:06:30]} Bxe5 {[%emt 0:01:21]} 43. g4 {[%emt 0:02:40]} f4 {[%emt 0:01:45]} 44. exf4 {[%emt 0:03:43]} Bxf4 {[%emt 0:00:46]} 45. Ne3 {[%emt 0:00:00]} Bxe3 {[%emt 0:00:56]} 1/2-1/2

[Event "Eurasia Open Cup 2019"]
[Site "Ekaterinburg"]
[Date "2019.08.01"]
[Round "2.33"]
[White "Kotlyar, Kirill"]
[Black "Yangutov, Aleksey"]
[Result "1-0"]
[WhiteElo "2387"]
[BlackElo "2157"]
[Annotator "NA"]
[PlyCount "97"]
[EventDate "2019.07.31"]
[EventType "swiss"]
[EventCountry "RUS"]
[SourceTitle "playchess.com"]
[Source "ChessBase"]
[SourceQuality "1"]
[TimeControl "5400+30"]

1. c4 {[%emt 0:00:00]} Nf6 {[%emt 0:00:00]} 2. g3 {[%emt 0:00:00]} e6 {[%emt 0:00:00]} 3. Bg2 {[%emt 0:00:00]} Be7 {[%emt 0:02:37]} 4. Nf3 {[%emt 0:00:55]} O-O {[%emt 0:00:09]} 5. O-O {[%emt 0:02:36]} d5 {[%emt 0:03:18]} 6. d4 {[%emt 0:03:03]} c6 {[%emt 0:01:01]} 7. Nbd2 {[%emt 0:01:15]} Nbd7 {[%emt 0:02:33]} 8. Qc2 {[%emt 0:00:00]} b6 {[%emt 0:02:41]} 9. e4 {[%emt 0:01:31]} dxe4 {[%emt 0:01:40]} 10. Nxe4 {[%emt 0:00:33]} Bb7 {[%emt 0:05:02]} 11. Rd1 {[%emt 0:00:53]} Qc8 {[%emt 0:02:21]} 12. Bf4 {[%emt 0:02:08]} Nxe4 {[%emt 0:02:18]} 13. Qxe4 {[%emt 0:07:32]} Nf6 {[%emt 0:01:30]} 14. Qe2 {[%emt 0:01:17]} Re8 {[%emt 0:03:32]} 15. Bh3 {[%emt 0:01:24]} Ba6 {[%emt 0:00:44]} 16. Rac1 {[%emt 0:05:57]} Nd5 {[%emt 0:21:18]} 17. Bg5 {[%emt 0:03:32]} Qd8 {[%emt 0:11:15]} 18. Bxe7 {[%emt 0:14:24]} Qxe7 {[%emt 0:04:22]} 19. Ne5 {[%emt 0:04:50]} c5 {[%emt 0:00:42]} 20. Bg2 {[%emt 0:02:52]} Rac8 {[%emt 0:08:59]} 21. Qf3 {[%emt 0:04:20]} Nf6 {[%emt 0:03:52]} 22. Qa3 {[%emt 0:02:19]} Bb7 {[%emt 0:00:43]} 23. Qxa7 {[%emt 0:00:12]} Bxg2 {[%emt 0:04:10]} 24. Qxe7 {[%emt 0:02:00]} Rxe7 {[%emt 0:00:50]} 25. Kxg2 {[%emt 0:00:00]} g6 {[%emt 0:00:03]} 26. Rc3 {[%emt 0:00:17]} Kg7 {[%emt 0:00:44]} 27. Rb3 {[%emt 0:02:06]} Nd7 {[%emt 0:06:02]} 28. Nxd7 {[%emt 0:00:39]} Rxd7 {[%emt 0:02:28]} 29. Rxb6 {[%emt 0:04:20]} cxd4 {[%emt 0:00:01]} 30. b3 {[%emt 0:11:54]} e5 {[%emt 0:00:08]} 31. Kf3 {[%emt 0:00:34]} f5 {[%emt 0:01:01]} 32. a4 {[%emt 0:00:38]} g5 {[%emt 0:00:52]} 33. a5 {[%emt 0:00:10]} e4+ {[%emt 0:02:51]} 34. Ke2 {[%emt 0:05:48]} f4 {[%emt 0:00:19]} 35. gxf4 {[%emt 0:00:04]} gxf4 {[%emt 0:01:18]} 36. Re6 {[%emt 0:00:34]} f3+ {[%emt 0:00:02]} 37. Ke1 {[%emt 0:00:15]} Rb8 {[%emt 0:05:34]} 38. Rxe4 {[%emt 0:01:50]} Rxb3 {[%emt 0:00:07]} 39. Rexd4 {[%emt 0:00:26]} Re7+ {[%emt 0:00:50]} 40. Kf1 {[%emt 0:01:24]} Ra3 {[%emt 0:00:00]} 41. R4d3 {[%emt 0:00:00]} Rxa5 {[%emt 0:00:00]} 42. Rxf3 {[%emt 0:01:05]} Rc5 {[%emt 0:00:00]} 43. Rd4 {[%emt 0:00:00]} h5 {[%emt 0:00:28]} 44. Rff4 {[%emt 0:00:00]} Rec7 {[%emt 0:00:43]} 45. Ke2 {[%emt 0:01:27]} Re7+ {[%emt 0:01:24]} 46. Rfe4 {[%emt 0:00:00]} Rec7 {[%emt 0:00:02]} 47. h4 {[%emt 0:00:00]} Ra5 {[%emt 0:00:45]} 48. Rd5 {[%emt 0:00:05]} Rxc4 {[%emt 0:00:39]} 49. Rd7+ {[%emt 0:00:43]} 1-0

[Event "Eurasia Open Cup 2019"]
[Site "Ekaterinburg"]
[Date "2019.08.01"]
[Round "2.34"]
[White "Polosin, Evgeni"]
[Black "Kanter, Eduard"]
[Result "0-1"]
[WhiteElo "2153"]
[BlackElo "2384"]
[Annotator "NA"]
[PlyCount "108"]
[EventDate "2019.07.31"]
[EventType "swiss"]
[EventCountry "RUS"]
[SourceTitle "playchess.com"]
[Source "ChessBase"]
[SourceQuality "1"]
[TimeControl "5400+30"]

1. e4 {[%emt 0:00:00]} c5 {[%emt 0:00:00]} 2. Nf3 {[%emt 0:00:00]} d6 {[%emt 0:00:00]} 3. d4 {[%emt 0:00:00]} cxd4 {[%emt 0:00:00]} 4. Nxd4 {[%emt 0:00:40]} Nf6 {[%emt 0:00:00]} 5. Nc3 {[%emt 0:00:04]} g6 {[%emt 0:00:00]} 6. Be3 {[%emt 0:01:14]} Bg7 {[%emt 0:00:00]} 7. f3 {[%emt 0:00:44]} O-O {[%emt 0:00:30]} 8. Qd2 {[%emt 0:00:30]} Nc6 {[%emt 0:00:00]} 9. g4 {[%emt 0:00:24]} Bd7 {[%emt 0:02:28]} 10. Be2 {[%emt 0:06:23]} Rc8 {[%emt 0:01:41]} 11. O-O-O {[%emt 0:07:41]} Ne5 {[%emt 0:00:18]} 12. h4 {[%emt 0:02:45]} Qa5 {[%emt 0:04:29]} 13. Nb3 {[%emt 0:08:59]} Qc7 {[%emt 0:00:22]} 14. g5 {[%emt 0:16:17]} Nh5 {[%emt 0:07:23]} 15. Nd5 {[%emt 0:02:09]} Qd8 {[%emt 0:00:24]} 16. Bxa7 {[%emt 0:01:07]} Be6 {[%emt 0:09:58]} 17. Bd4 {[%emt 0:10:28]} Bxd5 {[%emt 0:07:20]} 18. exd5 {[%emt 0:02:38]} b5 {[%emt 0:19:26]} 19. Kb1 {[%emt 0:03:55]} Qd7 {[%emt 0:00:03]} 20. f4 {[%emt 0:16:19]} Nc4 {[%emt 0:10:08]} 21. Qc1 {[%emt 0:05:41]} Ng3 {[%emt 0:00:19]} 22. Rhe1 {[%emt 0:00:04]} Nf5 {[%emt 0:06:23]} 23. Bxg7 {[%emt 0:00:43]} Kxg7 {[%emt 0:10:24]} 24. Bxc4 {[%emt 0:00:04]} Rxc4 {[%emt 0:00:34]} 25. Na5 {[%emt 0:05:56]} Ra4 {[%emt 0:02:38]} 26. Nc6 {[%emt 0:00:04]} Rfa8 {[%emt 0:09:27]} 27. a3 {[%emt 0:00:15]} e6 {[%emt 0:03:47]} 28. Qd2 {[%emt 0:00:32]} Rc4 {[%emt 0:00:34]} 29. Nb4 {[%emt 0:03:13]} Rac8 {[%emt 0:03:29]} 30. c3 {[%emt 0:01:45]} Re8 {[%emt 0:01:20]} 31. dxe6 {[%emt 0:00:14]} fxe6 {[%emt 0:01:10]} 32. Nd3 {[%emt 0:02:24]} Qc6 {[%emt 0:00:09]} 33. h5 {[%emt 0:01:38]} gxh5 {[%emt 0:00:56]} 34. Qe2 {[%emt 0:00:50]} Ng3 {[%emt 0:00:15]} 35. Qf2 {[%emt 0:00:44]} Nf5 {[%emt 0:00:34]} 36. Nb4 {[%emt 0:00:00]} Qb7 {[%emt 0:00:00]} 37. Rd3 {[%emt 0:00:16]} Re4 {[%emt 0:00:36]} 38. Red1 {[%emt 0:00:53]} d5 {[%emt 0:00:21]} 39. Rh3 {[%emt 0:00:59]} h4 {[%emt 0:00:17]} 40. Nd3 {[%emt 0:00:01]} Qc7 {[%emt 0:00:49]} 41. Rdh1 {[%emt 0:00:33]} d4 {[%emt 0:00:45]} 42. cxd4 {[%emt 0:00:30]} Qc4 {[%emt 0:01:05]} 43. Rc1 {[%emt 0:00:00]} Qxd4 {[%emt 0:00:00]} 44. Rc7+ {[%emt 0:00:43]} Kg8 {[%emt 0:00:05]} 45. Qc2 {[%emt 0:00:35]} Re3 {[%emt 0:00:45]} 46. Rxe3 {[%emt 0:01:11]} Nxe3 {[%emt 0:00:44]} 47. Qe2 {[%emt 0:00:00]} Nd5 {[%emt 0:00:00]} 48. Rb7 {[%emt 0:00:04]} Nxf4 {[%emt 0:00:53]} 49. Nxf4 {[%emt 0:00:58]} Qxf4 {[%emt 0:00:30]} 50. Qh5 {[%emt 0:00:10]} Qe4+ {[%emt 0:00:35]} 51. Ka1 {[%emt 0:01:02]} Rf8 {[%emt 0:00:00]} 52. Rxb5 {[%emt 0:00:10]} Qc4 {[%emt 0:00:36]} 53. Rf5 {[%emt 0:00:10]} Rxf5 {[%emt 0:01:06]} 54. Qe8+ {[%emt 0:01:18]} Rf8 {[%emt 0:00:10]} 0-1

[Event "Eurasia Open Cup 2019"]
[Site "Ekaterinburg"]
[Date "2019.08.01"]
[Round "2.35"]
[White "Guseva, Marina"]
[Black "Nosacheva, Mariya"]
[Result "1-0"]
[WhiteElo "2379"]
[BlackElo "2150"]
[Annotator "NA"]
[PlyCount "69"]
[EventDate "2019.07.31"]
[EventType "swiss"]
[EventCountry "RUS"]
[SourceTitle "playchess.com"]
[Source "ChessBase"]
[SourceQuality "1"]
[TimeControl "5400+30"]

1. d4 {[%emt 0:00:00]} Nf6 {[%emt 0:00:00]} 2. c4 {[%emt 0:00:00]} g6 {[%emt 0:00:00]} 3. Nf3 {[%emt 0:00:00]} Bg7 {[%emt 0:00:00]} 4. g3 {[%emt 0:00:00]} O-O {[%emt 0:00:01]} 5. Bg2 {[%emt 0:00:00]} d6 {[%emt 0:00:21]} 6. O-O {[%emt 0:00:00]} Nc6 {[%emt 0:01:36]} 7. Nc3 {[%emt 0:00:00]} a6 {[%emt 0:00:23]} 8. e3 {[%emt 0:00:02]} Rb8 {[%emt 0:01:20]} 9. Qe2 {[%emt 0:00:00]} b5 {[%emt 0:00:00]} 10. Rd1 {[%emt 0:00:00]} e6 {[%emt 0:00:53]} 11. e4 {[%emt 0:00:00]} Na5 {[%emt 0:02:25]} 12. cxb5 {[%emt 0:00:19]} axb5 {[%emt 0:09:37]} 13. b4 {[%emt 0:00:33]} Nc6 {[%emt 0:00:52]} 14. Rb1 {[%emt 0:00:04]} Qe8 {[%emt 0:06:29]} 15. a3 {[%emt 0:00:07]} e5 {[%emt 0:04:29]} 16. d5 {[%emt 0:05:18]} Nd4 {[%emt 0:01:22]} 17. Nxd4 {[%emt 0:10:07]} exd4 {[%emt 0:00:33]} 18. Rxd4 {[%emt 0:01:12]} Nxd5 {[%emt 0:00:06]} 19. Rxd5 {[%emt 0:00:34]} Bxc3 {[%emt 0:02:54]} 20. Bh6 {[%emt 0:00:41]} Bg7 {[%emt 0:00:10]} 21. Bxg7 {[%emt 0:27:01]} Kxg7 {[%emt 0:01:11]} 22. Rc1 {[%emt 0:00:03]} Be6 {[%emt 0:00:07]} 23. Qb2+ {[%emt 0:00:03]} Kg8 {[%emt 0:02:04]} 24. Rd2 {[%emt 0:01:26]} Bc4 {[%emt 0:00:20]} 25. a4 {[%emt 0:00:12]} Qe7 {[%emt 0:06:00]} 26. a5 {[%emt 0:00:16]} c5 {[%emt 0:00:50]} 27. h4 {[%emt 0:01:49]} f5 {[%emt 0:09:10]} 28. bxc5 {[%emt 0:05:48]} dxc5 {[%emt 0:04:25]} 29. exf5 {[%emt 0:13:47]} Rbd8 {[%emt 0:07:57]} 30. fxg6 {[%emt 0:00:03]} hxg6 {[%emt 0:00:12]} 31. a6 {[%emt 0:02:50]} Kh7 {[%emt 0:00:10]} 32. Rxd8 {[%emt 0:00:38]} Rxd8 {[%emt 0:11:35]} 33. Ra1 {[%emt 0:10:44]} Qa7 {[%emt 0:00:36]} 34. Qf6 {[%emt 0:00:08]} Re8 {[%emt 0:04:08]} 35. Bb7 {[%emt 0:00:54]} 1-0

[Event "Eurasia Open Cup 2019"]
[Site "Ekaterinburg"]
[Date "2019.08.01"]
[Round "2.36"]
[White "Ufimtsev, Egor"]
[Black "Chekletsov, Ilya"]
[Result "1/2-1/2"]
[WhiteElo "2148"]
[BlackElo "2374"]
[Annotator "NA"]
[PlyCount "61"]
[EventDate "2019.07.31"]
[EventType "swiss"]
[EventCountry "RUS"]
[SourceTitle "playchess.com"]
[Source "ChessBase"]
[SourceQuality "1"]
[TimeControl "5400+30"]

1. Nf3 {[%emt 0:00:00]} Nf6 {[%emt 0:00:09]} 2. c4 {[%emt 0:00:05]} e6 {[%emt 0:00:00]} 3. Nc3 {[%emt 0:00:15]} Bb4 {[%emt 0:00:05]} 4. Qc2 {[%emt 0:00:16]} c5 {[%emt 0:00:55]} 5. a3 {[%emt 0:01:35]} Ba5 {[%emt 0:00:26]} 6. g3 {[%emt 0:00:15]} O-O {[%emt 0:00:54]} 7. Bg2 {[%emt 0:00:25]} Nc6 {[%emt 0:00:10]} 8. O-O {[%emt 0:01:37]} a6 {[%emt 0:00:15]} 9. e3 {[%emt 0:07:01]} d5 {[%emt 0:13:38]} 10. cxd5 {[%emt 0:04:18]} exd5 {[%emt 0:00:05]} 11. d4 {[%emt 0:00:50]} cxd4 {[%emt 0:01:31]} 12. Nxd4 {[%emt 0:01:01]} Nxd4 {[%emt 0:03:42]} 13. exd4 {[%emt 0:00:25]} h6 {[%emt 0:00:15]} 14. Qb3 {[%emt 0:16:05]} Qb6 {[%emt 0:02:22]} 15. Qxb6 {[%emt 0:01:05]} Bxb6 {[%emt 0:13:01]} 16. Nxd5 {[%emt 0:00:04]} Nxd5 {[%emt 0:08:05]} 17. Bxd5 {[%emt 0:00:10]} Bxd4 {[%emt 0:00:04]} 18. Rd1 {[%emt 0:00:11]} Be5 {[%emt 0:02:04]} 19. Be3 {[%emt 0:01:04]} Bxb2 {[%emt 0:05:05]} 20. Ra2 {[%emt 0:01:18]} Bf6 {[%emt 0:00:05]} 21. Rb1 {[%emt 0:00:35]} Rd8 {[%emt 0:00:05]} 22. Rd2 {[%emt 0:00:38]} Rxd5 {[%emt 0:15:20]} 23. Rxd5 {[%emt 0:00:24]} Be6 {[%emt 0:03:14]} 24. Rd2 {[%emt 0:00:05]} b5 {[%emt 0:00:05]} 25. Rc1 {[%emt 0:08:45]} Bc4 {[%emt 0:00:15]} 26. a4 {[%emt 0:00:09]} Kh7 {[%emt 0:03:51]} 27. axb5 {[%emt 0:09:26]} axb5 {[%emt 0:00:41]} 28. Rd7 {[%emt 0:00:42]} Ra2 {[%emt 0:00:05]} 29. Rc7 {[%emt 0:00:15]} Rb2 {[%emt 0:04:05]} 30. R7xc4 {[%emt 0:03:50]} bxc4 {[%emt 0:01:12]} 31. Rxc4 {[%emt 0:00:10]} 1/2-1/2